Breaking Bad Grab Bag Quiz Stats

Quiz not verified by Sporcle

Also try: Doctor Who Enemies
Challenge
Share
Tweet
Embed
Score 0/62 Timer 08:00
0 Plays Today
% Correct
Walter White
93.2%
Bryan Cranston
90%
Jane Margolis
86%
Gustavo Fring
85.2%
Hank Schrader
83.6%
Aaron Paul
82%
Todd Alquist
79.2%
Todd Alquist
79.2%
Gale Boetticher
78%
Mike Ehrmantraut
77.6%
Anna Gunn
76.8%
Andrea Cantillo
74.8%
Felina
69.2%
Felina
69.2%
Vince Gilligan
63.6%
RJ Mitte
62.4%
Más
61.2%
Badger
60%
Skinny Pete
60%
Dean Norris
59.6%
Betsy Brandt
54%
Barium
53.2%
Lydia Rodarte-Quayle
52.4%
Marco Salamanca
52.4%
Bob Odenkirk
51.6%
No Más
51.6%
No Más
51.2%
Face Off
50.8%
Leonel Salamanca
48.8%
ABQ
48.4%
Bromine
47.2%
% Correct
Jonathan Banks
44.8%
Giancarlo Esposito
44.4%
Negro y Azul
43.2%
Huell Babineaux
42.4%
Full Measure
38.4%
Masturbating
38.4%
Patrick Kuby
38%
Caballo Sin Nombre
34%
Eating Cheetos
32.4%
Hermanos
28%
3 to the
27.6%
3 to the
27.6%
6 to the
27.2%
9, representing the ABQ. What up, biatch?! Leave it at the tone.
26.8%
Salud
25.6%
A No-Rough-Stuff-Type Deal
25.2%
Jesse Plemons
24.8%
Smoking Marijuana
23.6%
Laura Fraser
18%
Joaquin Salamanca
16.8%
Peter Gould
15.2%
Blood Money
11.6%
Seven Thirty-Seven
10.4%
Sam Catlin
6%
Thomas Schnauz
6%
George Mastras
5.2%
Patty Lin
4.8%
Moira Walley-Beckett
4.4%
Gennifer Hutchison
3.6%
John Shiban
3.6%
J. Roberts
2%

You're not logged in!

Compare scores with friends on all Sporcle quizzes.
Sign Up with Email
OR
Log In

You Might Also Like...

Show Comments

Extras

Top Quizzes Today


Score Distribution

Your Account Isn't Verified!

In order to create a playlist on Sporcle, you need to verify the email address you used during registration. Go to your Sporcle Settings to finish the process.

Report this User

Report this user for behavior that violates our Community Guidelines.

Details: